000 00508nam a2200169Ia 4500
008 090711s9999 xx 000 0 und d
082 _b50786
100 _aमेहेंदळे कुसुम
245 _aपैंज जिंकली
260 _c1985
300 _a36
600 _aमेहेंदळे कुसुम
630 _aपैंज जिंकली
700 _aमेहेंदळे कुसुम
730 _aपैंज जिंकली
942 _cBOOK
999 _c322706
_d322706